书目信息 |
| 题名: |
王国潼二胡艺术文集
|
|
| 作者: | 王国潼 编著 | |
| 分册: | ||
| 出版信息: | 上海 上海音乐出版社 2020.7 |
|
| 页数: | 350页 | |
| 开本: | 25cm | |
| 丛书名: | ||
| 单 册: | ||
| 中图分类: | J632.21 | |
| 科图分类: | ||
| 主题词: | 二胡--艺术评论--文集 | |
| 电子资源: | ||
| ISBN: | 978-7-5523-1928-6 | |
| 000 | 01366nam0 2200241 45 | |
| 001 | 012001001415 | |
| 005 | 20130912110139.0 | |
| 010 | @a978-7-5523-1928-6@b软精装@dCNY98.00 | |
| 100 | @a20201022d2020 em y0chiy0110 ea | |
| 101 | 0 | @achi |
| 102 | @aCN@b310000 | |
| 105 | @ay z 000yy | |
| 106 | @ar | |
| 200 | 1 | @a王国潼二胡艺术文集@Awang guo tong er hu yi shu wen ji@f王国潼编著 |
| 210 | @a上海@c上海音乐出版社@d2020.7 | |
| 215 | @a350页@d25cm | |
| 314 | @a王国潼,二胡演奏家、教育家。1939年生于山东。曾就师于蒋风之等人,毕业于中央音乐学院。他敬师好学,勤奋刻苦,博采众长,勇于探索,形成了自己独特的演奏风格,运手刚健有力,豪迈而有气势,音色圆润,苍劲深沉。 | |
| 330 | @a本选题内容上分为上、下篇两各部分,其中上篇“王国潼二胡人生”为王国潼先生的自传,主要回忆了自己如何与二胡结缘、与音乐结缘的演奏生涯,并阐述了自己教学理念与方法、应邀赴香港演艺学院任教、参与合作改革研制二胡规格等一路走来的心路历程。下篇主要为自己多年以来的二胡创编与演绎感悟,以及国内知名专家撰写的关于王国潼二胡艺术方面的文章或访谈录,共计40余篇文章,包括《二胡发音与音色研究》《谈掌握二胡音准的三个要素》《王国潼对现代二胡艺术的贡献与启示》 《简论王国潼对二胡艺术的开创性贡献》《精湛的艺术呈现 完美的人格升华》等。 | |
| 606 | 0 | @a二胡@x艺术评论@j文集 |
| 690 | @aJ632.21@v5 | |
| 701 | 0 | @a王国潼@Awang guo tong@f(1939-)@4编著 |
| 801 | @aCN@b江苏凤凰@c20211018 | |
| 905 | @b1343412-5@dJ632.21@e193@f4 | |
| 王国潼二胡艺术文集/王国潼编著.-上海:上海音乐出版社,2020.7 |
| 350页;25cm |
| ISBN 978-7-5523-1928-6(软精装):CNY98.00 |
| 本选题内容上分为上、下篇两各部分,其中上篇“王国潼二胡人生”为王国潼先生的自传,主要回忆了自己如何与二胡结缘、与音乐结缘的演奏生涯,并阐述了自己教学理念与方法、应邀赴香港演艺学院任教、参与合作改革研制二胡规格等一路走来的心路历程。下篇主要为自己多年以来的二胡创编与演绎感悟,以及国内知名专家撰写的关于王国潼二胡艺术方面的文章或访谈录,共计40余篇文章,包括《二胡发音与音色研究》《谈掌握二胡音准的三个要素》《王国潼对现代二胡艺术的贡献与启示》 《简论王国潼对二胡艺术的开创性贡献》《精湛的艺术呈现 完美的人格升华》等。 |
| ● |
| 相关链接 |
|
|
|
|
正题名:王国潼二胡艺术文集
索取号:J632.21/193
 
预约/预借
| 序号 | 登录号 | 条形码 | 馆藏地/架位号 | 状态 | 备注 |
| 1 | 1343412 | 213434121 | 第一样本阅览室/ [索取号:J632.21/193] | 在馆 | |
| 2 | 1343413 | 213434130 | 第一借阅区/ [索取号:J632.21/193] | 在馆 | |
| 3 | 1343414 | 213434149 | 第一借阅区/ [索取号:J632.21/193] | 在馆 | |
| 4 | 1343415 | 213434158 | 第一借阅区/ [索取号:J632.21/193] | 在馆 |